Claves para la planificación financiera PYME (Registro nro. 28915)

Detalles MARC
000 -LEADER
fixed length control field 00443 a2200121 4500
001 - CONTROL NUMBER
control field ART_39139
005 - DATE AND TIME OF LATEST TRANSACTION
control field 20260410161934.0
008 - FIXED-LENGTH DATA ELEMENTS--GENERAL INFORMATION
fixed length control field 260409a
100 1# - MAIN ENTRY--PERSONAL NAME
Personal name Ponzio, Diego
245 10 - TITLE STATEMENT
Title Claves para la planificación financiera PYME
700 1# - ADDED ENTRY--PERSONAL NAME
Personal name Padovan, Alex
773 0# - HOST ITEM ENTRY
Title Boletin del Consejo Profesional de Ciencias Económicas de la Provincia de Santa Fe (camara segunda)
Related parts - Año XXVII, Nº 326 (jun. 2016)
Record control number REV25058

No hay ítems disponibles.